| 000 | 01154cam a2200277 4500 | ||
|---|---|---|---|
| 001 | WS116465 | ||
| 008 | 020125n 000 0 eng u | ||
| 035 | _a(Sirsi) u116465 | ||
| 245 | _aAustralian Greenhouse Office | ||
| 520 | _aWeb site for this Australian government agency dedicated to cutting greenhouse emissions, established to produce a whole of government approach to the issue. Includes pages on climate change, international activities, its role in business and industry and in households, energy and transport and natural resources. Includes a glossary of terms. | ||
| 650 | _aINTERNATIONAL | ||
| 650 | _aAUSTRALIA | ||
| 650 | _aGOVERNMENT | ||
| 650 |
_aENERGY _96237 |
||
| 650 | _aTRANSPORT | ||
| 650 | _aGREENHOUSE GASES | ||
| 650 | _aGLOSSARY | ||
| 650 | _aCLIMATE CHANGE | ||
| 650 | _aKYOTO PROTOCOL TO THE UNITED NATIONS FRAMEWORK CONVENTION ON CLIMATE CHANGE | ||
| 650 | _aINTERGOVERNMENTAL PANEL ON CLIMATE CHANGE | ||
| 650 | _aAGRICULTURE | ||
| 650 | _aFORESTRY | ||
| 690 |
_aEnvironment _96238 |
||
| 856 | 4 | 0 | _uhttps://www.greenhouse.gov.au\zView the website free of charge at www.greenhouse.gov.au... |
| 942 | _n0 | ||
| 999 |
_c119992 _d119992 |
||